01439nam a22003374a 4500001001200000003000800012006001900020007001500039008004100054010001700095020002100112020002200133040002100155035002100176050002300197082001700220100002200237245010900259260013200368300001700500504006400517533015200581600004500733650004500778651004800823651004100871655002900912710001700941856012600958999001701084ebr10082115CaPaEBRm u cr cn|||||||||011212s2002 enk sb 001 0deng  z 2001059087 z0719062357 (hc.) z0719062365 (pbk.) aCaPaEBRcCaPaEBR a(OCoLC)60847616914aDC129b.H84 2002eb04a944/.0332211 aHurt, John Jeter.10aLouis XIV and the parlementsh[electronic resource] :bthe assertion of royal authority /cJohn J. Hurt. aManchester, UK ;aNew York :bManchester University Press ;aNew York :bDistributed exclusively in the USA by Palgrave,c2002. axvii, 217 p. aIncludes bibliographical references (p. 200-215) and index. aElectronic reproduction.bPalo Alto, Calif. :cebrary,d2013.nAvailable via World Wide Web.nAccess may be limited to ebrary affiliated libraries.00aLouisbXIV,cKing of France,d1638-1715. 0aMonarchyzFrancexHistoryy17th century. 0aFrancexPolitics and governmenty1643-1715. 0aFrancexKings and rulersvBiography. 7aElectronic books.2local2 aebrary, Inc.40uhttp://site.ebrary.com/lib/rucke/Doc?id=10082115zAn electronic book accessible through the World Wide Web; click to view c75234d75234